000 00332nam a22001457a 4500
999 _c5417
_d5415
005 20210907104054.0
008 170403b xxu||||| |||| 00| 0 eng d
041 _aeng
100 _aGHATAK,S
_96906
245 _aWINNING AND WORKING VOL- I
250 _a2nd
260 _bCOAL FIELDS PUBLISHER
_c1995
300 _a456
942 _cBK